| 000 | 00588nam a2200193 a 4500 | ||
|---|---|---|---|
| 001 | 000024442 | ||
| 005 | 20200930023157.0 | ||
| 008 | 110127s1970 sp r 000 0 spa d | ||
| 040 |
_aDO-SdBNP _bspa _cBNPHU |
||
| 082 | _bS877a | ||
| 100 | 1 |
_aStone, Irving _950110 |
|
| 245 | 1 | 0 |
_aAnhelo de vivir : _bla vida de Vincent Van Gogh / _cIrving Stone ; traducción Delia Piquerez. |
| 250 | _a10a ed. | ||
| 260 |
_aBarcelona, España : _bDiana, _c1970. |
||
| 300 |
_a413 p. ; _c20 cm. |
||
| 534 |
_pTítulo original: _tLust for life |
||
| 700 | 1 |
_aPiquerez, Delia, _etr. _950111 |
|
| 049 | _aBNGR | ||
| 999 |
_c23935 _d23935 |
||